| 000 | 01316nam a2200349 a 4500 | ||
|---|---|---|---|
| 001 | 000113276 | ||
| 003 | CHAP | ||
| 005 | 20220329144347.0 | ||
| 008 | 170530s2016 mx sm |||||||spa d | ||
| 010 | _a109737 | ||
| 011 | _a110709 | ||
| 040 | _cCHAP | ||
| 090 | _aTesis | ||
| 100 | 1 |
_aBenito Hernández, Antonio Francisco _9132410 |
|
| 245 | 1 | 0 |
_aManejo alternativo en el control de pudrición blanca (Sclerotium cepivorum) en cebolla (Allium cepa L.) _h[En línea] _cpor Antonio Francisco Benito Hernández y Pedro Mendoza Cenobio. |
| 260 |
_aChapingo, Méx. : _bEl autor, _c2016. |
||
| 500 | _aPara ver el contenido del material haga clic en la liga | ||
| 502 | _aTesis (Ing. Agr. Esp. en Fitotecnia) -- UACH. Departamento de Fitotecnia | ||
| 590 |
_aBATCH _b00 _c20181121 _lUCH01 _h0759 |
||
| 590 |
_aE5765TAJ _b05 _c20170530 _lUCH01 _h0926 |
||
| 590 |
_aE5765TAJ _b05 _c20170530 _lUCH01 _h0926 |
||
| 650 | 1 | 4 |
_aCebolla _xEnfermedades por hongos. _920767 |
| 650 | 1 | 4 |
_aFungicidas _xAnálisis. _944045 |
| 650 | 1 | 4 |
_aFungicidas _xAplicación. _9126604 |
| 650 | 1 | 4 |
_aSclerotium cepivorum _xControl. _9132412 |
| 700 | 1 |
_aMendoza Cenobio, Pedro _9132411 |
|
| 856 |
_a1 _n0000934 |
||
| 856 |
_aFinding aid _uhttp://10.13.5.2/tesis/sist113276.pdf _zTeclea aquí |
||
| 901 | _aBK | ||
| 942 | _cTESIS | ||
| 942 | _n0 | ||
| 999 |
_c109737 _d109737 |
||